| 000 | 00000nam##2200000za#4500 |
| 001 | 9.699241 |
| 003 | CaOODSP |
| 005 | 20210625000306 |
| 007 | cr ||||||||||| |
| 008 | 150407|1995||||xxc|||||o f|0| 0 eng|d |
| 040 | |aCaOODSP|beng |
| 043 | |an-cn--- |
| 086 | 1 |aEn21-134/1995E-PDF |
| 110 | 1 |aCanada. |bEnvironment Canada. |bBiodiversity Convention Office. |
| 245 | 10|aCanadian biodiversity strategy : |h[electronic resource]|bCanada's response to the Convention on Biological Diversity |
| 260 | |aHull - Quebec : |bEnvironment Canada. |c1995. |
| 300 | |a86p.|bglossary |
| 500 | |aThe catalogue number (En21-134/1995E) and ISBN (0-662-23221-6) for the print edition have been copied in this electronic publication. |
| 590 | |a14-21-Supp|b2014-12-11 |
| 690 | 07|aSustainable development|2gcpds |
| 690 | 07|aBiological diversity|2gcpds |
| 775 | 08|tStratégie canadienne de la biodiversité : |w(CaOODSP)9.643214 |
| 856 | 40|ahttp://publications.gc.ca|qPDF|s218 KB|uhttps://publications.gc.ca/collections/collection_2014/ec/En21-134-1995-eng.pdf |